[Event "DEM U14w 2016"]
[Site "Willingen GER"]
[Date "2016.05.20"]
[Round "8"]
[White "Könze, Heike"]
[Black "Schulze, Lara"]
[Result "0-1"]
[Termination "normal"]
[Board "2"]
[WhiteElo "1728"]
[BlackElo "2041"]
[WhiteClock "01:12:06"]
[BlackClock "00:07:37"]
[PlyCount "96"]
[WhiteFideId "12964476"]
[BlackFideId "12956830"]
[EventCountry "GER"]
[EventRounds "9"]
[EventType "swiss"]
[EventDate "2016.05.14"]

1. d4 Nf6 2. Nf3 d5 3. c4 e6 4. e3 c6 5. Nbd2 Nbd7 6. Bd3 Bd6 7. O-O O-O 8. e4
dxe4 9. Nxe4 Nxe4 10. Bxe4 Nf6 11. Bc2 h6 12. b3 Qe7 13. a3 a5 14. Qd3 Rd8 15.
Re1 Qc7 16. Bb2 Re8 17. c5 Be7 18. Nh4 Rd8 19. Qe2 Nd5 20. Nf3 Bf6 21. Qe4 g6
22. Ne5 Bg7 23. Nc4 Qf4 24. Qxf4 Nxf4 25. Nb6 Ra7 26. Be4 Nd5 27. Bxd5 exd5 28.
Re3 Be6 29. Rf3 g5 30. h4 Kh7 31. hxg5 hxg5 32. g4 Kg6 33. Rg3 Rh8 34. Kg2 Rh4
35. f3 Bf6 36. Rh1 Rxh1 37. Kxh1 Bd8 38. Na4 Bc7 39. Rh3 Ra8 40. Bc1 Re8 41.
Kg2 f5 42. gxf5+ Bxf5 43. Rh1 Re2+ 44. Kg1 Bg3 45. b4 axb4 46. axb4 Bf2+ 47.
Kg2 Bxd4+ 48. Kg3 Bf2+ 0-1

[Event "DEM U14w 2016"]
[Site "Willingen GER"]
[Date "2016.05.20"]
[Round "8"]
[White "Mütsch, Annmarie"]
[Black "Voß, Henrike"]
[Result "1/2-1/2"]
[Termination "normal"]
[Board "3"]
[WhiteElo "1984"]
[BlackElo "1461"]
[WhiteClock "00:11:35"]
[BlackClock "00:18:23"]
[PlyCount "94"]
[WhiteFideId "12971367"]
[BlackFideId "12971910"]
[EventCountry "GER"]
[EventRounds "9"]
[EventType "swiss"]
[EventDate "2016.05.14"]

1. d4 d5 2. Nf3 Nf6 3. c4 e6 4. g3 c6 5. Bg2 Nbd7 6. O-O Bd6 7. b3 O-O 8. Nc3
Re8 9. Bb2 Nf8 10. Nd2 Ng6 11. e4 dxe4 12. Ndxe4 Be7 13. f4 Rb8 14. Kh1 Qd7 15.
Qd2 b5 16. Nxf6+ Bxf6 17. Ne4 Be7 18. Qc2 Bb7 19. c5 f5 20. Nf2 Bf6 21. Rad1
Ne7 22. Rfe1 Nd5 23. Qd2 Ra8 24. Bf3 a5 25. a3 a4 26. b4 Qc7 27. Nd3 Rad8 28.
g4 g6 29. g5 Bg7 30. Ne5 Bc8 31. h4 Bxe5 32. Rxe5 Kg7 33. Kg2 h5 34. gxh6+ Kxh6
35. Kf2 Rh8 36. Rg1 Rdg8 37. Ke1 Kg7 38. h5 Kf7 39. hxg6+ Rxg6 40. Rxg6 Kxg6
41. Qg2+ Kf7 42. Bc1 Qe7 43. Kd1 Qh4 44. Bxd5 exd5 45. Re1 Rg8 46. Qe2 Qg4 47.
Kc2 Qxe2+ 1/2-1/2

[Event "DEM U14w 2016"]
[Site "Willingen GER"]
[Date "2016.05.20"]
[Round "8"]
[White "Mönster, Madita"]
[Black "Ehmann, Johanna"]
[Result "1-0"]
[Termination "normal"]
[Board "4"]
[WhiteElo "1738"]
[BlackElo "1727"]
[WhiteClock "00:35:51"]
[BlackClock "00:13:39"]
[PlyCount "63"]
[WhiteFideId "12947156"]
[BlackFideId "12953130"]
[EventCountry "GER"]
[EventRounds "9"]
[EventType "swiss"]
[EventDate "2016.05.14"]

1. e4 e5 2. Nf3 Nc6 3. Bb5 a6 4. Ba4 Nf6 5. O-O Be7 6. Re1 b5 7. Bb3 O-O 8. c3
d5 9. d4 Bg4 10. exd5 e4 11. dxc6 exf3 12. gxf3 Bh3 13. Nd2 Bd6 14. Kh1 Nh5 15.
Ne4 Qh4 16. Bg5 Bg2+ 17. Kxg2 Qxh2+ 18. Kf1 Rae8 19. Be3 Bf4 20. Ke2 Ng3+ 21.
Kd3 Nxe4 22. fxe4 Bxe3 23. fxe3 Kh8 24. Rh1 Qg2 25. Bd5 h6 26. Qf1 Qg6 27. Qf5
Qd6 28. Rag1 Re7 29. e5 Qxd5 30. Rxh6+ gxh6 31. Qf6+ Kh7 32. Qg7# 1-0

[Event "DEM U14w 2016"]
[Site "Willingen GER"]
[Date "2016.05.20"]
[Round "8"]
[White "Müdder, Melanie"]
[Black "Reitz, Theresa"]
[Result "0-1"]
[Termination "normal"]
[Board "5"]
[WhiteElo "1527"]
[BlackElo "1629"]
[WhiteClock "00:03:25"]
[BlackClock "00:06:01"]
[PlyCount "70"]
[WhiteFideId "12994103"]
[BlackFideId "12971901"]
[EventCountry "GER"]
[EventRounds "9"]
[EventType "swiss"]
[EventDate "2016.05.14"]

1. e4 c5 2. Nc3 a6 3. f4 b5 4. d4 cxd4 5. Qxd4 Bb7 6. Nf3 e6 7. Bd3 Nc6 8. Qf2
Nge7 9. Be3 b4 10. Na4 d5 11. O-O g6 12. Bb6 Qc8 13. Nd4 dxe4 14. Bxe4 Bg7 15.
Bc5 Qc7 16. Nb6 Rb8 17. Nc4 Nxd4 18. Bxd4 Bxd4 19. Qxd4 O-O 20. Ne5 Nd5 21. Ng4
h5 22. Nh6+ Kh7 23. Bxd5 Bxd5 24. f5 Qb6 25. fxg6+ Kxh6 26. Qxb6 Rxb6 27. Rf6
Kg7 28. Raf1 Rbb8 29. gxf7 Rb7 30. h4 Rbxf7 31. Rxf7+ Rxf7 32. Rxf7+ Kxf7 33.
Kf2 Bxa2 34. b3 Bb1 35. Ke3 Bxc2 0-1

[Event "DEM U14w 2016"]
[Site "Willingen GER"]
[Date "2016.05.20"]
[Round "8"]
[White "Truong, Lisa"]
[Black "Geletzke, Hannah"]
[Result "1/2-1/2"]
[Termination "normal"]
[Board "6"]
[WhiteElo "1655"]
[BlackElo "1503"]
[WhiteClock "00:03:50"]
[BlackClock "00:02:34"]
[PlyCount "124"]
[WhiteFideId "12983462"]
[BlackFideId "12983330"]
[EventCountry "GER"]
[EventRounds "9"]
[EventType "swiss"]
[EventDate "2016.05.14"]

1. e4 c5 2. Nf3 d6 3. d4 cxd4 4. Nxd4 Nf6 5. Nc3 a6 6. h3 e5 7. Nde2 Be6 8. g4
Be7 9. Ng3 Qc7 10. Bg2 Nc6 11. Be3 b5 12. Nf5 Na5 13. g5 Nd7 14. Bf1 Bf8 15.
Rc1 Nc4 16. Bxc4 Bxc4 17. Nd5 Qd8 18. b3 Bxd5 19. Qxd5 Nc5 20. Qc6+ Nd7 21.
Nxd6+ Bxd6 22. Qxd6 Qe7 23. Qxe7+ Kxe7 24. Ke2 Rac8 25. Rhd1 Rc6 26. c3 Rhc8
27. Rd3 Nc5 28. Bxc5+ Rxc5 29. Kd2 Ke6 30. Rd1 f6 31. gxf6 gxf6 32. Kc2 R5c6
33. Kb2 R8c7 34. Rg1 Rc5 35. h4 h5 36. Rg6 Rh7 37. Rg8 Rc6 38. Rdg3 Rcc7 39.
Ra8 Rc6 40. Rgg8 Kf7 41. Rgc8 Rd6 42. Rd8 Rc6 43. Rac8 Rb6 44. Rd7+ Kg6 45.
Rxh7 Kxh7 46. c4 bxc4 47. Rxc4 Kg6 48. f3 Rd6 49. Kc2 f5 50. Rc5 Kf6 51. Rd5
Rxd5 52. exd5 e4 53. fxe4 fxe4 54. Kd2 Ke5 55. Ke3 Kxd5 56. a3 Ke5 57. b4 Kd5
58. a4 Kc4 59. b5 axb5 60. axb5 Kxb5 61. Kxe4 Kc6 62. Kf5 Kd7 1/2-1/2

[Event "DEM U14w 2016"]
[Site "Willingen GER"]
[Date "2016.05.20"]
[Round "8"]
[White "Abele, Anais"]
[Black "Rosenhain, Rachela"]
[Result "0-1"]
[Termination "normal"]
[Board "7"]
[WhiteElo "1560"]
[BlackElo "1877"]
[PlyCount "122"]
[WhiteFideId "16208927"]
[BlackFideId "12957615"]
[EventCountry "GER"]
[EventRounds "9"]
[EventType "swiss"]
[EventDate "2016.05.14"]

1. e4 e5 2. Nf3 Nc6 3. Bb5 Nf6 4. O-O Nxe4 5. d4 Nd6 6. Bxc6 dxc6 7. dxe5 Nf5
8. Qxd8+ Kxd8 9. h3 h6 10. Nc3 Be6 11. Bf4 Be7 12. Rad1+ Kc8 13. Bh2 b6 14.
Rfe1 h5 15. Nd4 Nxd4 16. Rxd4 Kb7 17. a3 c5 18. Rdd1 Kc6 19. f4 Rad8 20. Kf2
Bf5 21. Rxd8 Rxd8 22. Ne4 b5 23. Kf3 Bxe4+ 24. Rxe4 Rd2 25. Re2 Rxe2 26. Kxe2
g6 27. Bg1 a5 28. Kd3 c4+ 29. Kc3 Kd5 30. Be3 b4+ 31. Kd2 bxa3 32. bxa3 Bxa3
33. c3 Ke4 34. g4 hxg4 35. hxg4 a4 36. Ke2 Bb2 37. Kd2 a3 38. Kc2 Kd5 39. Bd4
Ke6 40. Be3 c6 41. Bd4 g5 42. fxg5 Kd5 43. e6 Kxe6 44. Bf6 Kd5 45. Bd4 Ke4 46.
Bf6 Kf4 47. Be7 Kxg4 48. Bf6 Kf3 49. Bd4 Kg4 50. Bf6 Kf5 51. Bd8 Ba1 52. Be7 a2
53. Bf6 Ke4 54. Bd4 Kd5 55. Bh8 Kc5 56. Bd4+ Kb5 57. Bf6 c5 58. Bg7 Ka4 59. Bf6
Ka3 60. Be7 Bxc3 61. Bxc5+ Ka4 0-1

[Event "DEM U14w 2016"]
[Site "Willingen GER"]
[Date "2016.05.20"]
[Round "8"]
[White "Wong, Kar Yan"]
[Black "Weimert, Miriam"]
[Result "1-0"]
[Termination "normal"]
[Board "8"]
[WhiteElo "1515"]
[BlackElo "1761"]
[PlyCount "87"]
[WhiteFideId "12971855"]
[BlackFideId "12966703"]
[EventCountry "GER"]
[EventRounds "9"]
[EventType "swiss"]
[EventDate "2016.05.14"]

1. d4 Nf6 2. c4 e5 3. dxe5 Ng4 4. Bf4 Bb4+ 5. Nd2 Nc6 6. Ngf3 Qe7 7. a3 Bxd2+
8. Qxd2 Ngxe5 9. Nxe5 Nxe5 10. e3 d6 11. Be2 O-O 12. O-O Be6 13. c5 Rfd8 14.
cxd6 cxd6 15. Rac1 Nc6 16. Bf3 Rac8 17. b4 Ne5 18. Be2 Nc4 19. Qd4 d5 20. Rc3
a5 21. Rd1 h6 22. bxa5 Nxa5 23. Rxc8 Rxc8 24. Qb4 Qxb4 25. axb4 Nc4 26. h3 Rc6
27. Rb1 Nd2 28. Ra1 Rb6 29. Ra8+ Kh7 30. Bd3+ g6 31. Be5 f6 32. Bxf6 Bc8 33.
Bc3 Nb1 34. Bxb1 Rc6 35. Ra3 Be6 36. Kh2 Rc8 37. Bd4 Rf8 38. f3 Rd8 39. Ra7 Bc8
40. b5 Re8 41. b6 Rd8 42. Bd3 Rf8 43. Ba6 Rf7 44. Ra8 1-0

[Event "DEM U14w 2016"]
[Site "Willingen GER"]
[Date "2016.05.20"]
[Round "8"]
[White "Kung, Fanny"]
[Black "Wastian, Mareike"]
[Result "0-1"]
[Termination "normal"]
[Board "9"]
[WhiteElo "1472"]
[BlackElo "1612"]
[PlyCount "68"]
[WhiteFideId "12987689"]
[BlackFideId "12947423"]
[EventCountry "GER"]
[EventRounds "9"]
[EventType "swiss"]
[EventDate "2016.05.14"]

1. e4 d5 2. exd5 Nf6 3. d4 Bg4 4. Be2 Bxe2 5. Qxe2 Qxd5 6. Nf3 e6 7. O-O Be7 8.
c4 Qd7 9. Re1 Nc6 10. Be3 O-O 11. Nc3 Ng4 12. Rad1 Nxe3 13. Qxe3 Bf6 14. Ne5
Bxe5 15. dxe5 Qe7 16. Rd2 Rfd8 17. Red1 Rxd2 18. Rxd2 Rd8 19. f4 h6 20. g3 a6
21. Ne4 b6 22. Rxd8+ Qxd8 23. Qd2 Nd4 24. Kf2 c5 25. a3 Qa8 26. Qd3 a5 27. h4
Kf8 28. Nd6 Qh1 29. Qf1 Qf3+ 30. Ke1 Qxg3+ 31. Qf2 Qd3 32. Qg2 Qe3+ 33. Kd1
Qd3+ 34. Kc1 Nb3# 0-1

[Event "DEM U14w 2016"]
[Site "Willingen GER"]
[Date "2016.05.20"]
[Round "8"]
[White "Bui, Ngoc Han Julia"]
[Black "Flach, Helene"]
[Result "1-0"]
[Termination "normal"]
[Board "10"]
[WhiteElo "1735"]
[BlackElo "1822"]
[PlyCount "120"]
[WhiteFideId "12977055"]
[BlackFideId "12929735"]
[EventCountry "GER"]
[EventRounds "9"]
[EventType "swiss"]
[EventDate "2016.05.14"]

1. e4 c5 2. Nf3 e6 3. d4 cxd4 4. Nxd4 a6 5. Bd3 Qb6 6. Nb3 Qc7 7. O-O Nf6 8.
Qe2 d6 9. c4 b6 10. Nd4 Bb7 11. Nc3 Be7 12. f4 Nbd7 13. g4 h6 14. g5 Ng8 15. f5
e5 16. Nf3 O-O-O 17. b4 hxg5 18. Nxg5 Bxg5 19. Bxg5 f6 20. Be3 Ne7 21. Nd5 Bxd5
22. cxd5 Kb8 23. Rac1 Qa7 24. Bxa6 Ka8 25. Rc2 Nb8 26. Bb5 Rc8 27. Rfc1 Rxc2
28. Rxc2 Rc8 29. Rxc8 Nxc8 30. Qc2 Ne7 31. a4 Qb7 32. Qf2 Nc8 33. Qc2 Ne7 34.
Kf2 Na6 35. Qc3 Kb8 36. Bxa6 Qxa6 37. a5 bxa5 38. bxa5 Qb7 39. Qa3 Qa6 40. Qb4+
Ka8 41. Qb6 Qxb6 42. axb6 Kb7 43. Kg3 Nc8 44. Kg4 Nxb6 45. Kh5 Nd7 46. Kg6 Nc5
47. Kxg7 Nxe4 48. h4 Nc3 49. h5 Nxd5 50. h6 Nxe3 51. h7 Nxf5+ 52. Kxf6 Nd4 53.
h8=Q Kc6 54. Qc8+ Kd5 55. Qb7+ Kc5 56. Ke7 d5 57. Qc7+ Kb4 58. Qb6+ Kc4 59. Kd6
e4 60. Qc5+ Kd3 1-0

[Event "DEM U14w 2016"]
[Site "Willingen GER"]
[Date "2016.05.20"]
[Round "8"]
[White "Kukulina, Sonja"]
[Black "Kublanov, Elizabeth"]
[Result "0-1"]
[Termination "normal"]
[Board "11"]
[WhiteElo "1579"]
[BlackElo "1462"]
[PlyCount "102"]
[WhiteFideId "12977047"]
[BlackFideId "12944564"]
[EventCountry "GER"]
[EventRounds "9"]
[EventType "swiss"]
[EventDate "2016.05.14"]

1. e4 e5 2. Nf3 Nc6 3. Bc4 Bc5 4. c3 Nf6 5. d4 exd4 6. cxd4 Bb4+ 7. Bd2 Bxd2+
8. Nbxd2 d5 9. exd5 Nxd5 10. O-O O-O 11. Qc2 Nf4 12. Nb3 Qf6 13. Kh1 Bf5 14.
Qd2 Be4 15. Ne1 Rad8 16. Rd1 Ne5 17. Nc5 Bc6 18. b3 Qg5 19. f3 Qf6 20. Ne4 Qf5
21. Ng3 Qf6 22. Nc2 Nxc4 23. bxc4 Ba4 24. Rb1 b6 25. d5 c6 26. Ne3 cxd5 27.
cxd5 Bc6 28. Rbd1 Nxd5 29. Nxd5 Rxd5 30. Qc2 Rxd1 31. Rxd1 Re8 32. Kg1 Bb5 33.
Ne4 Qc6 34. Qxc6 Bxc6 35. Nc3 h6 36. Kf2 Re7 37. Re1 Rxe1 38. Kxe1 Kf8 39. Kd2
Ke7 40. Kd3 Kd6 41. Kd4 b5 42. Ne4+ Bxe4 43. fxe4 Kc6 44. a3 a6 45. g3 Kb6 46.
e5 Ka5 47. Kc3 Ka4 48. Kb2 b4 49. axb4 Kxb4 50. h4 Kc5 51. Kb3 Kd5 0-1

[Event "DEM U14w 2016"]
[Site "Willingen GER"]
[Date "2016.05.20"]
[Round "8"]
[White "Du, Jessica"]
[Black "Bünte, Kirsten"]
[Result "0-1"]
[Termination "normal"]
[Board "12"]
[WhiteElo "1520"]
[BlackElo "1453"]
[PlyCount "78"]
[WhiteFideId "12988529"]
[BlackFideId "16200535"]
[EventCountry "GER"]
[EventRounds "9"]
[EventType "swiss"]
[EventDate "2016.05.14"]

1. e4 c6 2. d4 d5 3. exd5 cxd5 4. Nf3 Nf6 5. Ne5 Nc6 6. Bb5 Bd7 7. Bxc6 Bxc6 8.
Nc3 e6 9. O-O Be7 10. Re1 O-O 11. Bg5 Nd7 12. Bxe7 Qxe7 13. Re3 Nxe5 14. Rxe5
f5 15. Qe1 Rae8 16. a3 Rf6 17. Qe2 g5 18. Re1 Kf8 19. Qh5 Qg7 20. Nxd5 Bxd5 21.
Rxd5 Rh6 22. Qe2 Qf7 23. Re5 g4 24. Re3 Qh5 25. h3 Kf7 26. d5 Qg6 27. Rxe6 Rxe6
28. Qxe6+ Qxe6 29. Rxe6 Rxe6 30. dxe6+ Kxe6 31. hxg4 fxg4 32. Kf1 h5 33. Ke2 h4
34. Ke3 Ke5 35. b3 b6 36. c3 a6 37. a4 Kf5 38. f3 g3 39. Ke2 h3 0-1

[Event "DEM U14w 2016"]
[Site "Willingen GER"]
[Date "2016.05.20"]
[Round "8"]
[White "Garbuz, Nicole"]
[Black "Mundt, Alexandra"]
[Result "1-0"]
[Termination "normal"]
[Board "13"]
[WhiteElo "1618"]
[BlackElo "1259"]
[PlyCount "59"]
[WhiteFideId "12990701"]
[BlackFideId "16217276"]
[EventCountry "GER"]
[EventRounds "9"]
[EventType "swiss"]
[EventDate "2016.05.14"]

1. e4 e5 2. Nf3 Nc6 3. Bc4 Nf6 4. d4 d6 5. Ng5 d5 6. exd5 Na5 7. Bb5+ c6 8.
dxc6 bxc6 9. Ba4 h6 10. Nf3 e4 11. Ne5 Bb7 12. O-O Be7 13. a3 Qd5 14. Nc3 Qe6
15. Re1 O-O 16. b4 Nc4 17. Bb3 Ba6 18. Qe2 Nxe5 19. Qxa6 Nf3+ 20. gxf3 Qh3 21.
Qf1 Qxf3 22. Re3 Qf5 23. Qg2 Qh5 24. Rh3 Qf5 25. Bxh6 Ng4 26. Bxg7 Kxg7 27. Rg3
Rg8 28. Rxg4+ Qxg4 29. Qxg4+ Kf6 30. Nxe4# 1-0

[Event "DEM U14w 2016"]
[Site "Willingen GER"]
[Date "2016.05.20"]
[Round "8"]
[White "Albert, Eske"]
[Black "Mirschel, Alina"]
[Result "1-0"]
[Termination "normal"]
[Board "14"]
[WhiteElo "1166"]
[BlackElo "1008"]
[PlyCount "93"]
[WhiteFideId "12991813"]
[BlackFideId "12997048"]
[EventCountry "GER"]
[EventRounds "9"]
[EventType "swiss"]
[EventDate "2016.05.14"]

1. e4 e5 2. Nf3 Nc6 3. Bb5 a6 4. Bxc6 dxc6 5. O-O Bg4 6. h3 h5 7. d3 Qf6 8.
Nbd2 Ne7 9. Re1 Ng6 10. d4 O-O-O 11. hxg4 hxg4 12. Nh2 Rxh2 13. Qxg4+ Kb8 14.
Nf3 Rh8 15. Bg5 Qd6 16. Bxd8 Qxd8 17. dxe5 Bc5 18. Rad1 Qe7 19. Qg5 Qe6 20. b3
Rh7 21. Qd8+ Ka7 22. Ng5 Qxe5 23. Nxh7 Qh5 24. Qg5 Qxg5 25. Nxg5 f6 26. Ne6 Ne5
27. Nxc5 b6 28. Ne6 g5 29. Nxc7 Kb7 30. Ne8 a5 31. Nxf6 b5 32. Rd7+ Nxd7 33.
Nxd7 Kc7 34. Nc5 Kd6 35. Nb7+ Kc7 36. Nxa5 Kb6 37. Nxc6 Kxc6 38. Rd1 b4 39. e5
g4 40. e6 g3 41. e7 gxf2+ 42. Kxf2 Kc5 43. e8=Q Kb6 44. Qc8 Ka5 45. Qb8 Ka6 46.
Rd7 Ka5 47. Ra7# 1-0

[Event "DEM U14w 2016"]
[Site "Willingen GER"]
[Date "2016.05.20"]
[Round "8"]
[White "Huppert, Anna"]
[Black "Eulitz, Charlotte"]
[Result "0-1"]
[Termination "normal"]
[Board "15"]
[WhiteElo "1029"]
[BlackElo "1513"]
[PlyCount "94"]
[WhiteFideId "16214439"]
[BlackFideId "12964654"]
[EventCountry "GER"]
[EventRounds "9"]
[EventType "swiss"]
[EventDate "2016.05.14"]

1. e4 e5 2. Nf3 Nc6 3. Bc4 Bc5 4. O-O Nf6 5. d4 Bxd4 6. Nxd4 Nxd4 7. f4 d6 8.
fxe5 dxe5 9. Bg5 Qe7 10. c3 Ne6 11. Bxf6 gxf6 12. Bxe6 fxe6 13. Nd2 Bd7 14. Nb3
O-O-O 15. Qe1 b6 16. a4 Bc6 17. a5 Rd7 18. axb6 cxb6 19. c4 Rd3 20. Nd2 Rhd8
21. Rf2 Kb8 22. Ra3 Bxe4 23. Rxd3 Bxd3 24. Qe3 Bf5 25. Rf3 Qb4 26. Rf2 Qxb2 27.
Ne4 Rd1+ 28. Rf1 Rxf1+ 29. Kxf1 Qb1+ 30. Qe1 Qxe1+ 31. Kxe1 Bxe4 32. g4 Bd3 33.
c5 bxc5 34. Kd2 Bg6 35. h4 h5 36. gxh5 Bxh5 37. Kc3 a5 38. Kb3 e4 39. Kc2 a4
40. Kc1 e3 41. Kc2 e2 42. Kb2 e1=Q 43. Ka3 Qb4+ 44. Ka2 c4 45. Ka1 c3 46. Ka2
Qb3+ 47. Ka1 Qb2# 0-1

[Event "DEM U14w 2016"]
[Site "Willingen GER"]
[Date "2016.05.21"]
[Round "9"]
[White "Voß, Henrike"]
[Black "Schneider, Jana"]
[Result "0-1"]
[Termination "normal"]
[Board "1"]
[WhiteElo "1461"]
[BlackElo "2117"]
[WhiteClock "00:07:11"]
[BlackClock "00:46:03"]
[PlyCount "64"]
[WhiteFideId "12971910"]
[BlackFideId "12924997"]
[EventCountry "GER"]
[EventRounds "9"]
[EventType "swiss"]
[EventDate "2016.05.14"]

1. e4 e5 2. Nf3 Nc6 3. Bc4 Bc5 4. c3 Nf6 5. d3 O-O 6. Nbd2 d5 7. exd5 Nxd5 8.
Ne4 Be7 9. O-O Kh8 10. Re1 f5 11. Ng3 Qd6 12. d4 e4 13. Ne5 Be6 14. f4 Bh4 15.
Bb3 Nf6 16. Be3 Bxg3 17. hxg3 Bxb3 18. Qxb3 Qe7 19. Nxc6 bxc6 20. Kf2 Rab8 21.
Qc2 c5 22. Rh1 Rfd8 23. Rh3 Ng4+ 24. Ke2 Nxe3 25. Kxe3 cxd4+ 26. cxd4 Qb4 27.
Rd1 c5 28. dxc5 Rxd1 29. Qxd1 Qxc5+ 30. Qd4 Qa5 31. Rh1 Rd8 32. b4 Qa3+ 0-1

[Event "DEM U14w 2016"]
[Site "Willingen GER"]
[Date "2016.05.21"]
[Round "9"]
[White "Schulze, Lara"]
[Black "Reitz, Theresa"]
[Result "1-0"]
[Termination "normal"]
[Board "2"]
[WhiteElo "2041"]
[BlackElo "1629"]
[WhiteClock "00:01:14"]
[BlackClock "00:11:33"]
[PlyCount "59"]
[WhiteFideId "12956830"]
[BlackFideId "12971901"]
[EventCountry "GER"]
[EventRounds "9"]
[EventType "swiss"]
[EventDate "2016.05.14"]

1. e4 c6 2. Nf3 d5 3. Nc3 Nf6 4. e5 Ne4 5. d3 Nxc3 6. bxc3 c5 7. g3 Nc6 8. Bg2
Bg4 9. h3 Bh5 10. Qe2 e6 11. O-O Be7 12. Re1 Qc7 13. Rb1 O-O 14. g4 Bg6 15. Bf4
a6 16. Bg3 b5 17. Rb2 c4 18. Nh4 Qa5 19. Nxg6 fxg6 20. dxc4 bxc4 21. Reb1 Rab8
22. Rxb8 Rxb8 23. Rxb8+ Nxb8 24. Qd1 Qxa2 25. Bxd5 exd5 26. Qxd5+ Kh8 27. Qb7
Qa1+ 28. Kh2 Qd1 29. Qxe7 Qd5 30. e6 1-0

[Event "DEM U14w 2016"]
[Site "Willingen GER"]
[Date "2016.05.21"]
[Round "9"]
[White "Mönster, Madita"]
[Black "Kobald, Jacqueline"]
[Result "1-0"]
[Termination "normal"]
[Board "3"]
[WhiteElo "1738"]
[BlackElo "1559"]
[WhiteClock "00:06:45"]
[BlackClock "00:01:01"]
[PlyCount "77"]
[WhiteFideId "12947156"]
[BlackFideId "12988162"]
[EventCountry "GER"]
[EventRounds "9"]
[EventType "swiss"]
[EventDate "2016.05.14"]

1. e4 c5 2. Nf3 Nc6 3. d4 cxd4 4. Nxd4 g6 5. Nc3 Bg7 6. Be3 Nf6 7. Bc4 O-O 8.
Bb3 a5 9. Ndb5 d6 10. f3 Bd7 11. O-O Nb4 12. a3 Na6 13. Bc4 Bxb5 14. Bxb5 Nd7
15. Qd2 Nc7 16. Bc4 Rc8 17. Ba2 Ne6 18. Rab1 Nb6 19. Nd5 Nxd5 20. Bxd5 Qc7 21.
c3 b5 22. Rfc1 Nc5 23. b4 e6 24. bxc5 exd5 25. exd5 dxc5 26. Rxb5 c4 27. Rcb1
Be5 28. g3 Rb8 29. Bb6 Qd7 30. a4 Bd6 31. Bxa5 Ra8 32. Kg2 Qf5 33. Re1 Rfb8 34.
Rxb8+ Rxb8 35. Bb4 Qd7 36. a5 Rd8 37. Re4 Qb5 38. Qg5 Qd7 39. Rxc4 1-0

[Event "DEM U14w 2016"]
[Site "Willingen GER"]
[Date "2016.05.21"]
[Round "9"]
[White "Geletzke, Hannah"]
[Black "Mütsch, Annmarie"]
[Result "0-1"]
[Termination "normal"]
[Board "4"]
[WhiteElo "1503"]
[BlackElo "1984"]
[WhiteClock "00:20:01"]
[BlackClock "00:29:43"]
[PlyCount "102"]
[WhiteFideId "12983330"]
[BlackFideId "12971367"]
[EventCountry "GER"]
[EventRounds "9"]
[EventType "swiss"]
[EventDate "2016.05.14"]

1. e4 c5 2. Nf3 Nc6 3. c3 d5 4. e5 Bg4 5. Bb5 Qb6 6. Ba4 e6 7. O-O Nge7 8. d3
Ng6 9. Re1 Be7 10. h3 Bxf3 11. Qxf3 O-O 12. Qg3 Qc7 13. Bf4 a6 14. Nd2 b5 15.
Bc2 Nxf4 16. Qxf4 f6 17. Qg4 f5 18. Qg3 b4 19. Nf3 bxc3 20. bxc3 Qa5 21. Rec1
Rab8 22. d4 Rfc8 23. dxc5 Qxc5 24. Bd3 a5 25. h4 Qa7 26. h5 Rb2 27. c4 Rxf2 28.
c5 Rb2 29. h6 g6 30. Nh4 Bxc5+ 31. Kh1 Bf2 32. Qg5 Bxh4 33. Qxh4 Qe7 34. Qxe7
Nxe7 35. Rxc8+ Nxc8 36. Rc1 Ne7 37. Rc7 Kf7 38. a4 g5 39. Ra7 Ra2 40. g4 Rxa4
41. gxf5 Rh4+ 42. Kg2 exf5 43. Bxf5 Rxh6 44. Bd3 Rh4 45. Rxa5 Ke6 46. Ra7 h6
47. Rc7 Nf5 48. Bxf5+ Kxf5 49. Re7 Re4 50. Rh7 Kg6 51. Re7 h5 0-1

[Event "DEM U14w 2016"]
[Site "Willingen GER"]
[Date "2016.05.21"]
[Round "9"]
[White "Rosenhain, Rachela"]
[Black "Truong, Lisa"]
[Result "1-0"]
[Termination "normal"]
[Board "5"]
[WhiteElo "1877"]
[BlackElo "1655"]
[WhiteClock "00:25:55"]
[BlackClock "00:06:13"]
[PlyCount "67"]
[WhiteFideId "12957615"]
[BlackFideId "12983462"]
[EventCountry "GER"]
[EventRounds "9"]
[EventType "swiss"]
[EventDate "2016.05.14"]

1. d4 Nf6 2. c4 e5 3. dxe5 Ng4 4. Nf3 Bc5 5. e3 Nc6 6. Be2 Ngxe5 7. Nxe5 Nxe5
8. O-O O-O 9. Nc3 d6 10. Qc2 Be6 11. b3 Qd7 12. Bb2 f5 13. Rad1 Qf7 14. Na4 Nd7
15. Nxc5 Nxc5 16. Bf3 Rab8 17. Rfe1 Qg6 18. Rd4 Nd7 19. Qc3 Ne5 20. Be2 Bd7 21.
f3 Bc6 22. Rf1 b6 23. Rh4 Qf6 24. Rh3 Rf7 25. Rg3 f4 26. exf4 Qxf4 27. c5 Re7
28. cxd6 cxd6 29. Bc1 Qf8 30. f4 Ng6 31. Qxc6 Rc8 32. Bc4+ Kh8 33. Qf3 Rce8 34.
Rxg6 1-0

[Event "DEM U14w 2016"]
[Site "Willingen GER"]
[Date "2016.05.21"]
[Round "9"]
[White "Wastian, Mareike"]
[Black "Wong, Kar Yan"]
[Result "1-0"]
[Termination "normal"]
[Board "6"]
[WhiteElo "1612"]
[BlackElo "1515"]
[WhiteClock "00:38:41"]
[BlackClock "01:02:32"]
[PlyCount "41"]
[WhiteFideId "12947423"]
[BlackFideId "12971855"]
[EventCountry "GER"]
[EventRounds "9"]
[EventType "swiss"]
[EventDate "2016.05.14"]

1. e4 c5 2. d4 cxd4 3. c3 dxc3 4. Nxc3 Nc6 5. Nf3 e6 6. Bc4 Qc7 7. O-O Nf6 8.
Nb5 Qb8 9. e5 Nxe5 10. Bf4 d6 11. Rc1 Bd7 12. Bxe5 dxe5 13. Re1 a6 14. Bxe6
axb5 15. Bxf7+ Kd8 16. Nxe5 Bd6 17. Qd4 Ra6 18. Nxd7 Nxd7 19. Qxg7 Bxh2+ 20.
Kh1 Be5 21. Qxh8+ 1-0

[Event "DEM U14w 2016"]
[Site "Willingen GER"]
[Date "2016.05.21"]
[Round "9"]
[White "Kublanov, Elizabeth"]
[Black "Könze, Heike"]
[Result "1/2-1/2"]
[Termination "normal"]
[Board "7"]
[WhiteElo "1462"]
[BlackElo "1728"]
[PlyCount "50"]
[WhiteFideId "12944564"]
[BlackFideId "12964476"]
[EventCountry "GER"]
[EventRounds "9"]
[EventType "swiss"]
[EventDate "2016.05.14"]

1. d4 e6 2. c4 d5 3. Nc3 c5 4. e3 Nf6 5. Nf3 Nc6 6. Be2 cxd4 7. exd4 dxc4 8.
Bxc4 Bb4 9. a3 Be7 10. O-O O-O 11. b4 a6 12. d5 exd5 13. Nxd5 Nxd5 14. Bxd5 Bf6
15. Ra2 Bg4 16. Rd2 Qb6 17. h3 Bh5 18. Qb3 h6 19. Bb2 Bxb2 20. Qxb2 Rad8 21.
Re1 Rfe8 22. Re4 Qc7 23. Qc1 Rxe4 24. Bxe4 Rxd2 25. Qxd2 Bxf3 1/2-1/2

[Event "DEM U14w 2016"]
[Site "Willingen GER"]
[Date "2016.05.21"]
[Round "9"]
[White "Ehmann, Johanna"]
[Black "Bui, Ngoc Han Julia"]
[Result "0-1"]
[Termination "normal"]
[Board "8"]
[WhiteElo "1727"]
[BlackElo "1735"]
[PlyCount "90"]
[WhiteFideId "12953130"]
[BlackFideId "12977055"]
[EventCountry "GER"]
[EventRounds "9"]
[EventType "swiss"]
[EventDate "2016.05.14"]

1. e4 c5 2. Nf3 d6 3. d4 cxd4 4. Nxd4 Nf6 5. Nc3 a6 6. f3 e6 7. Be3 b5 8. Qd2
Nbd7 9. O-O-O Bb7 10. Kb1 Nb6 11. g4 b4 12. Nce2 d5 13. Nb3 Nc4 14. Qc1 Nxe3
15. Qxe3 Qc7 16. e5 Nd7 17. f4 d4 18. Rxd4 Bxh1 19. Ng3 Bd5 20. Rd2 Bc5 21.
Nxc5 Qxc5 22. Qd3 Nb6 23. f5 Qc4 24. Qxc4 Nxc4 25. Bxc4 Bxc4 26. b3 Bd5 27.
fxe6 fxe6 28. Rd4 a5 29. Ne2 O-O 30. Nf4 Rad8 31. h3 Rxf4 32. Rxf4 Rf8 33. Rd4
Rf3 34. h4 Re3 35. Kb2 Rxe5 36. g5 Re4 37. Rxe4 Bxe4 38. c4 bxc3+ 39. Kxc3 Bd5
40. a3 Kf7 41. b4 axb4+ 42. axb4 Kg6 43. b5 Kh5 44. b6 Kxh4 45. Kd4 Kxg5 0-1